[Event "Match"]
[Site "www.echecsemail.com"]
[Date "2015.03.12"]
[Round "1"]
[White "F14"]
[Black "Caspito"]
[WhiteElo "1840"]
[BlackElo "1800"]
[Result "0-1"]
[Round "1"]
1.e4 e5
2.Ng1f3 Nb8c6
3.Bf1b5 a6
4.Bb5a4 b5
5.Ba4b3 Ng8h6
6.d4 d6
7.dxe5 g6
8.exd6 Qd8xd6
9.Qd1xd6 cxd6
10.O-O Bf8g7
11.Nb1c3 Bc8b7
12.Nc3d5 O-O
13.Nd5b6 Ra8d8
14.Nb6d5 Nh6g4
15.h3 Ng4e5
16.Nf3xe5 dxe5
17.Bc1g5 Rd8d7
18.Ra1d1 Nc6d4
19.Bg5e7 Rf8e8
20.Be7c5 a5
21.Bc5xd4 exd4
22.a3 Re8xe4
23.Nd5c3 Re4h4
24.Nc3xb5 Bb7a6
25.a4 Bg7f8
26.Rf1e1 Ba6xb5
27.axb5 Rd7b7
28.Bb3c4 Bf8c5
29.Re1e8 Kg7
30.c3 dxc3
31.b3 a4
32.bxa4 Rh4xc4
33.Rd1c1 Bc5b4
34.Rc1c2 Rc4d4
35.Kh2 Rd4d2
36.Re8e2 Rb7a7
37.b6 Ra7b7
38.g4 Rb7xb6
39.Kg3 Rb6c6
40.h4 Rd2xe2
{ resign }
0-1

[Event "Match"]
[Site "www.echecsemail.com"]
[Date "2015.03.12"]
[Round "1"]
[White "Kcriss"]
[Black "Crush"]
[WhiteElo "1499"]
[BlackElo "1710"]
[Result "0-1"]
[Round "1"]
1.e4 e5
2.Ng1f3 Nb8c6
3.Bf1b5 a6
4.Bb5a4 Bf8d6
5.O-O Ng8f6
6.Rf1e1 O-O
7.d4 exd4
8.Nf3xd4 Bd6b4
9.c3 Bb4c5
10.Bc1g5 h6
11.Bg5h4 g5
12.Bh4g3 Rf8e8
13.f3 d5
14.Bg3f2 b5
15.Nd4xc6 Qd8d6
16.e5 Qd6xc6
17.Ba4c2 b4
18.exf6 Bc8b7
19.Bf2xc5 Qc6xc5
20.Kf1 a5
21.Re1xe8 { time. }
0-1

[Event "Match"]
[Site "www.echecsemail.com"]
[Date "2015.03.12"]
[Round "1"]
[White "Witpar"]
[Black "Joseph1983"]
[WhiteElo "2700"]
[BlackElo "2140"]
[Result "1/2-1/2"]
[Round "1"]
1.d4 Ng8f6
2.Bc1g5 c5
3.d5 d6
4.Nb1c3 g6
5.Qd1d2 h6
6.Bg5xf6 exf6
7.e4 Bf8g7
8.Bf1d3 O-O
9.Ng1f3 Nb8d7
10.O-O Nd7e5
11.Nf3xe5 fxe5
12.Rf1b1 f5
13.b4 cxb4
14.Rb1xb4 b6
15.Ra1b1 Bc8d7
16.Bd3b5 Ra8c8
17.Rb4a4 Qd8c7
18.Bb5xd7 Qc7xd7
19.Nc3b5 Rc8a8
20.Qd2d3 fxe4
21.Ra4xe4 a6
22.Nb5c3 Ra8c8
23.Rb1xb6 Qd7a7
24.Re4b4 Rc8b8
25.Qd3e3 Qa7c7
26.Rb6c6 Qc7a5
27.Rb4xb8 { draw }
1/2-1/2

[Event "Match"]
[Site "www.echecsemail.com"]
[Date "2015.03.12"]
[Round "1"]
[White "Generalfree"]
[Black "Bluetealeaf"]
[WhiteElo "1780"]
[BlackElo "1700"]
[Result "1-0"]
[Round "1"]
1.e4 e5
2.Ng1f3 Qd8f6
3.Bf1c4 Bf8c5
4.c3 Nb8c6
5.b4 Bc5b6
6.a4 a5
7.b5 Nc6e7
8.g3 d6
9.d3 Bc8g4
10.Nb1d2 Ng8h6
11.h3 Bg4xf3
12.Nd2xf3 Ra8d8
13.d4 exd4
14.cxd4 d5
15.e5 Qf6f5
16.g4 Qf5e4
17.Bc4e2 Ne7g6
18.O-O Ng6f4
19.Bc1xf4 Qe4xf4
20.Ra1a3 f5
21.exf6 Qf4xf6
22.g5 Qf6g6
23.Ra3e3 Kf8
24.h4 Nh6f5
25.Nf3e5 Qg6e6
26.Re3f3 g6
27.Rf3f4 Kg7
28.Be2g4 h5
29.gxh6 Rh8xh6
30.Rf1e1 Qe6f6
31.Bg4xf5 gxf5
32.Ne5g4 Qf6g6
33.Re1e7 Kh8
34.Kf1 Rh6xh4
35.Ng4e5 Rh4h1
36.Ke2 Qg6h5
37.Rf4f3 Rh1xd1
38.Ne5f7 Kg8
39.Nf7xd8 Qh5h1
40.Rf3g3 Kh8
41.Nd8f7 Kh7
42.Nf7g5 Kg8
43.Ng5e6 Kh8
44.Re7e8 Kh7
45.Rg3g7 { resign }
1-0

[Event "Match"]
[Site "www.echecsemail.com"]
[Date "2015.03.12"]
[Round "1"]
[White "Yakke"]
[Black "Generalfree"]
[WhiteElo "1770"]
[BlackElo "1680"]
[Result "0-1"]
[Round "1"]
1.e4 e5
2.Ng1f3 Nb8c6
3.c3 Ng8f6
4.Bf1d3 d5
5.Qd1e2 Bf8e7
6.h3 h6
7.Bd3c2 g5
8.d3 d4
9.c4 b6
10.a3 Be7d6
11.Bc2a4 Bc8b7
12.O-O a5
13.Nb1d2 Qd8d7
14.Nd2b3 O-O-O
15.Nf3xd4 exd4
16.Nb3xd4 Bd6c5
17.Nd4f3 Qd7d6
18.e5 Nc6xe5
19.Nf3xe5 Qd6e6
20.Bc1d2 Bc5d4
21.Bd2c3 Bd4xc3
22.bxc3 Nf6h7
23.Ba4b3 f6
24.c5 Qe6xb3
25.Qe2g4 Kb8
26.Qg4h5 fxe5
27.Qh5xh6 bxc5
28.Rf1c1 Qb3d5
29.Qh6g6 Qd5xg2

0-1

[Event "Match"]
[Site "www.echecsemail.com"]
[Date "2015.03.12"]
[Round "1"]
[White "F14"]
[Black "Bbking"]
[WhiteElo "1840"]
[BlackElo "1630"]
[Result "1-0"]
[Round "1"]
1.e4 e5
2.Ng1f3 Nb8c6
3.Bf1b5 a6
4.Bb5a4 Ng8f6
5.O-O b5
6.Ba4b3 d5
7.exd5 Nf6xd5
8.Rf1e1 Bc8g4
9.c3 Bg4xf3
10.Qd1xf3 Bf8c5
11.Qf3xd5 Qd8d6
12.Qd5xf7 Kd8
13.d4 g5
14.Bc1xg5 Kc8
15.dxc5 Qd6g6
16.Qf7xg6 hxg6
17.Nb1d2 Rh8h5
18.Bg5e3 g5
19.Bb3e6 Kb7
20.Be6g4 Rh5h4
21.h3 Ra8d8
22.Be3xg5 Rh4xg4
23.hxg4 Rd8g8
24.f4 exf4
25.Bg5xf4 Rg8xg4
26.g3 Nc6d8
27.Re1e7 { resign }
1-0

[Event "1/32 Finale"]
[Site "www.chess-mail.com"]
[Date "2015.03.12"]
[Round "1"]
[White "E4player"]
[Black "Karadajyan"]
[WhiteElo "2450"]
[BlackElo "2220"]
[Result "1-0"]
[Round "1"]
1.e4 c5
2.Nb1c3 Nb8c6
3.Ng1e2 e5
4.Nc3d5 Ng8f6
5.Ne2c3 Nf6xd5
6.Nc3xd5 Bf8e7
7.Bf1c4 O-O
8.a3 d6
9.d3 Bc8e6
10.c3 Ra8b8
11.a4 Be7g5
12.O-O Bg5xc1
13.Ra1xc1  { time }
1-0

[Event "Eq:Equipo Juan Diaz-Los Tercios : "]
[Site "www.chess-mail.com"]
[Date "2015.03.12"]
[Round "1"]
[White "Churrasca"]
[Black "Hijodeputa"]
[WhiteElo "2220"]
[BlackElo "1860"]
[Result "1-0"]
[Round "1"]
1.e4 c5
2.Ng1f3 d6
3.d4 cxd4
4.Nf3xd4 Ng8f6
5.Nb1c3 e6
6.Bc1e3 Nb8c6
7.Nd4xc6 bxc6
8.Bf1c4 d5
9.exd5 exd5
10.Bc4b3 Bf8b4
11.O-O O-O
12.Nc3a4 Bc8g4
13.f3 Bg4h5
14.Na4c5 Qd8b6
15.Qd1d4  { time }
1-0

[Event "Tourn. n8074"]
[Site "www.chess-mail.com"]
[Date "2015.03.12"]
[Round "1"]
[White "Faerieking"]
[Black "Jose"]
[WhiteElo "2220"]
[BlackElo "2700"]
[Result "0-1"]
[Round "1"]
1.e4 c5
2.Ng1f3 e6
3.d4 cxd4
4.Nf3xd4 Nb8c6
5.Nb1c3 Qd8c7
6.f4 a6
7.Nd4xc6 bxc6
8.Bf1d3 d5
9.O-O Ng8f6
10.e5 Nf6d7
11.Qd1g4 Ra8b8
12.b3 Qc7b6
13.Kh1 Qb6b4
14.Bc1d2 Nd7xe5
15.Qg4g3 Ne5xd3
16.cxd3 f6
17.Ra1e1 Qb4d4
18.f5 e5
19.Rf1f4 Qd4a7
20.Rf4f1 Bf8d6
21.Qg3f3 Qa7e7
{ resign }
0-1

[Event "Tourn. n8111"]
[Site "www.chess-mail.com"]
[Date "2015.03.12"]
[Round "1"]
[White "Liencam2"]
[Black "Gorgo"]
[WhiteElo "2270"]
[BlackElo "2230"]
[Result "0-1"]
[Round "1"]
1.e4 c5
2.Nb1c3 d6
3.Ng1f3 Ng8f6
4.d4 cxd4
5.Nf3xd4 a6
6.Bf1e2 e5
7.Nd4b3 Bc8e6
8.f4 Bf8e7
9.f5 Be6d7
10.Bc1g5 Bd7c6
11.Bg5xf6 Be7xf6
12.Be2c4 O-O
13.Bc4d5 a5
14.Nb3d2 Nb8d7
15.Qd1h5 Bf6e7
16.Bd5b3 Be7g5
17.Qh5e2 a4
18.Bb3d5 a3
19.b4 Nd7f6
20.Nd2f3 Bc6xd5
21.Nf3xg5 Ra8c8
22.Nc3xd5 Nf6xd5
23.exd5 Qd8xg5
24.O-O Rc8c3
25.Rf1f3 Rc3xf3
26.Qe2xf3 Qg5d2
27.Qf3xa3 Qd2d4
28.Kf1 Qd4xa1
{ resign }
0-1

[Event "Match"]
[Site "www.echecsemail.com"]
[Date "2015.03.12"]
[Round "1"]
[White "Guidom"]
[Black "Lkaspar"]
[WhiteElo "1980"]
[BlackElo "2089"]
[Result "1-0"]
[Round "1"]
1.e4 c5
2.c4 Nb8c6
3.Ng1f3 d6
4.Nb1c3 e6
5.d3 Bf8e7
6.Bf1e2 Ng8f6
7.O-O a6
8.Bc1g5 Bc8d7
9.h3 O-O
10.a3  { time }
1-0

[Event "Match"]
[Site "www.echecsemail.com"]
[Date "2015.03.12"]
[Round "1"]
[White "Ditto"]
[Black "Kesalon"]
[WhiteElo "1630"]
[BlackElo "999"]
[Result "0-1"]
[Round "1"]
1.d4 Ng8f6
2.Ng1f3 d5
3.c4 e6
4.Bc1g5 Bf8e7
5.e3 c5
6.Nb1c3 Qd8a5
7.Bf1e2 Nb8c6
8.O-O O-O
9.cxd5 Nf6xd5
10.Qd1c2 Be7xg5
11.Nc3e4 Bg5e7
12.Ne4g5 Be7xg5
13.a3 Bc8d7
14.Nf3xg5 g6
15.Be2d3 Ra8c8
16.Qc2e2 cxd4
17.e4 Nd5f4
18.Qe2f3 Nf4xd3
19.Qf3xd3 Qa5xg5
20.f4 Qg5c5
21.Ra1c1 Qc5b6
22.b4 Nc6e7
23.Rc1a1 Bd7b5
24.Qd3f3 Bb5xf1
25.Ra1xf1 d3
26.Kh1 d2
27.Qf3g4 Rc8c1
28.h3 Rc1xf1
29.Kh2 d1Q
{ resign }
0-1

[Event "Tourn. n8068"]
[Site "www.chess-mail.com"]
[Date "2015.03.12"]
[Round "1"]
[White "Caspito"]
[Black "Jjmcbride"]
[WhiteElo "1840"]
[BlackElo "1790"]
[Result "1-0"]
[Round "1"]
1.e4 e5
2.Ng1f3 Bf8d6
3.Bf1c4 h6
4.c3 Ng8f6
5.d3 O-O
6.Nf3h4 Nf6d5
7.Nh4g6 fxg6
8.Bc4xd5 Kh7
9.Qd1g4 Qd8f6
10.O-O c6
11.Bd5b3 Bd6c5
12.Qg4g3 d6
13.Bc1e3 Nb8d7
14.d4 exd4
15.Be3f4 Nd7e5
16.Bf4xe5 dxe5
17.Nb1d2 g5
18.Bb3d1 d3
19.Nd2f3 Bc5d6
20.a3 Qf6e7
21.b4 Qe7f6
22.Ra1a2 g4
23.Nf3d2 Bc8e6
24.Ra2b2 Qf6g6
25.Qg3xd3 Ra8d8
26.Qd3g3 Bd6e7
27.Qg3xe5 Be7d6
28.Qe5a5 a6
29.Bd1c2 Bd6f4
30.Nd2b1 h5
31.g3 Bf4xg3
32.fxg3 h4
33.Rf1f2 Rf8xf2
34.Qa5xd8 hxg3
35.hxg3 Qg6f7
36.e5 g6
37.Bc2xg6 Qf7xg6
38.Rb2xf2 Qg6xb1
39.Rf2f1 Qb1g6
40.Qd8e7 Kh8
41.Rf1f8 Be6g8
42.Qe7f6 Qg6g7
43.Qf6h4 Qg7h7
44.Qh4xg4 Qh7b1
45.Rf8f1 Qb1d3
46.Qg4h5 Qd3h7
47.g4 Qh7xh5
48.gxh5 Kg7
49.Rf1f6 Bg8d5
50.h6 Kg8
51.Kh2 b6
52.Kg3 { resign }
1-0

[Event "Tourn. n8067"]
[Site "www.chess-mail.com"]
[Date "2015.03.12"]
[Round "1"]
[White "Groz"]
[Black "Attatroll"]
[WhiteElo "1989"]
[BlackElo "1990"]
[Result "0-1"]
[Round "1"]
1.c4 d5
2.cxd5 Qd8xd5
3.Nb1c3 Qd5d8
4.g3 c6
5.Bf1g2 Ng8f6
6.Ng1f3 Bc8g4
7.d3 e6
8.O-O Bf8e7
9.h3 Bg4h5
10.g4 Bh5g6
11.Nf3e5 O-O
12.f4 h6
13.f5 exf5
14.gxf5 Bg6h5
15.Bg2f3 Be7c5
16.e3 Bh5xf3
17.Qd1xf3 Nb8d7
18.d4 Nd7xe5
19.dxe5 Nf6d5
20.Nc3e4 Bc5b6
21.f6 Nd5b4
22.fxg7 Kxg7
23.Ne4f6 Nb4d3
24.Qf3g4 Kh8
25.Qg4h5 Kg7
26.Kh2 Nd3xe5
27.Qh5xe5 Bb6c7
28.Nf6h5 Kh7
29.Nh5f6 Kh8
{ resign }
0-1

[Event "Tourn. n8065"]
[Site "www.chess-mail.com"]
[Date "2015.03.12"]
[Round "1"]
[White "Gene4267"]
[Black "Anja"]
[WhiteElo "1499"]
[BlackElo "1500"]
[Result "1-0"]
[Round "1"]
1.d4 f5
2.g3 Ng8f6
3.Bf1g2 g6
4.Ng1f3 Bf8g7
5.O-O O-O
6.c4 d6
7.Nb1c3 c6
8.d5 Nb8a6
9.dxc6 bxc6
10.Rf1e1 Na6c7
11.Nf3g5 Bc8d7
12.Qd1a4 c5
13.Qa4d1 Nc7e6
14.Ng5xe6 Bd7xe6
15.Bg2xa8 Qd8xa8
16.Ra1b1 Be6xc4
17.Bc1g5 Rf8e8
18.b3 Bc4f7
19.Bg5xf6 Bg7xf6
20.Qd1d2 d5
21.Nc3a4 Re8c8
22.Qd2a5 c4
23.bxc4 Rc8xc4
24.Na4b6 Qa8c6
25.Nb6xc4 Qc6xc4
26.Qa5xa7 d4
27.a4 Bf7e8
28.a5 Kf7
29.Re1c1 Qc4xe2
30.Qa7b7 d3
31.a6 d2
32.a7 dxc1Q
33.Rb1xc1 Bf6d4
34.Qb7d5 { resign }
1-0

[Event "Tourn. n8095"]
[Site "www.chess-mail.com"]
[Date "2015.03.12"]
[Round "1"]
[White "Sorren"]
[Black "Andychesston"]
[WhiteElo "1840"]
[BlackElo "1780"]
[Result "0-1"]
[Round "1"]
1.e4 d5
2.exd5 Qd8xd5
3.Nb1c3 Qd5d6
4.Ng1f3 Nb8c6
5.d4 Bc8g4
6.Bc1e3 Ng8f6
7.Bf1e2 Bg4xf3
8.Be2xf3 e6
9.O-O Bf8e7
10.Rf1e1 O-O
11.Qd1d2 Ra8d8
12.Ra1d1 Qd6b4
13.Bf3xc6 bxc6
14.Rd1b1 c5
15.a3 Qb4b6
16.Nc3a4 Qb6c6
17.b3 Nf6g4
18.Qd2e2 Ng4xe3
19.Qe2xe3 cxd4
20.Qe3d3 Be7xa3
21.Rb1d1 Ba3b4
22.Re1e4 Bb4c5
23.Qd3c4 Qc6xe4
{ resign }
0-1

[Event "Match"]
[Site "www.echecsemail.com"]
[Date "2015.03.12"]
[Round "1"]
[White "Generalfree"]
[Black "Maestro"]
[WhiteElo "1710"]
[BlackElo "1960"]
[Result "1-0"]
[Round "1"]
1.d4 Ng8f6
2.Nb1c3 e6
3.Bc1f4 Bf8b4
4.Bf4d2 d5
5.a3 Bb4d6
6.h3 O-O
7.g3 Bc8d7
8.Bf1g2 c5
9.dxc5 Bd6xc5
10.e3 Bd7c6
11.b4 Bc5d6
12.b5 Bc6d7
13.a4 Qd8c7
14.f4 Nf6h5
15.Qd1xh5 f5
16.g4 Bd7e8
17.Qh5h4 Be8g6
18.g5 Nb8d7
19.Ng1f3 b6
20.Nf3d4 Rf8e8
21.Nc3xd5 exd5
22.Bg2xd5 Bg6f7
23.Bd5xa8 Bf7g6
24.Ba8d5 Kh8
25.Bd5c6 Re8e7
26.Bc6xd7 Qc7xd7
27.Nd4c6 Re7e4
28.O-O-O Bd6a3
29.Kb1 Qd7e6
30.Nc6d4 Qe6c4
31.Nd4b3 Qc4xa4
32.Bd2c3 Qa4xb5
33.Rd1d8 Re4e8
34.Rd8xe8 Qb5xe8
35.Qh4e1 Bg6f7
36.Bc3b2 Ba3xb2
37.Kxb2 Kg8
38.Qe1c3 Bf7d5
39.Rh1d1 Bd5e4
40.Qc3c4 Kf8
41.h4 Be4c6
42.Rd1d6 Bc6e4
43.Qc4d4 { resign }
1-0

[Event "Match"]
[Site "www.echecsemail.com"]
[Date "2015.03.12"]
[Round "1"]
[White "Generalfree"]
[Black "Zazi"]
[WhiteElo "1790"]
[BlackElo "1550"]
[Result "1-0"]
[Round "1"]
1.e4 e5
2.Ng1f3 Bf8d6
3.Bf1c4 f6
4.d3 c6
5.Bc1d2 g5
6.g4 h5
7.Bc4xg8 hxg4
8.Nf3xg5 Rh8xg8
9.Ng5h7 Rg8g7
10.Nb1c3 Rg7xh7
11.Qd1xg4 Bd6f8
12.Qg4g6 Rh7f7
13.Rh1g1 c5
14.Nc3d5 Nb8c6
15.a3 Nc6d4
16.Kd1 d6
17.h4 Kd7
18.Qg6xf7 Kc6
19.Rg1g8 Nd4e6
20.b4 Bc8d7
21.bxc5 dxc5
22.Nd5xf6 Qd8c7
23.Nf6d5 Qc7d6
24.a4 Ne6g7
25.Rg8xg7 Bf8xg7
26.Qf7xg7 Bd7e6
27.Nd5e7 Kb6
28.Ra1b1 Ka6
29.Bd2c3 Be6g4
30.Qg7xg4 Qd6xe7
31.Qg4g6 b6
32.a5 Qe7xh4
33.Rb1xb6 axb6
34.Qg6xb6 
1-0

[Event "Match"]
[Site "www.echecsemail.com"]
[Date "2015.03.12"]
[Round "1"]
[White "Darknight"]
[Black "Ztornad"]
[WhiteElo "1800"]
[BlackElo "1630"]
[Result "1-0"]
[Round "1"]
1.e4 e5
2.Ng1f3 Nb8c6
3.c3 d5
4.Bf1b5 a6
5.Bb5xc6 bxc6
6.Nf3xe5 Qd8d6
7.d4 f6
8.Ne5d3 Ng8h6
9.h3 Bf8e7
10.Qd1h5 Nh6f7
11.e5 fxe5
12.dxe5 Qd6g6
13.Qh5f3 Nf7g5
14.Bc1xg5 Qg6xg5
15.g4 Bc8e6
16.Nb1d2 Rh8f8
17.Qf3e2 c5
18.f4 Qg5h4
19.Nd3f2 Rf8xf4
20.Rh1f1 c4
21.O-O-O Be7g5
22.Kb1 Qh4h6
23.Nd2f3 Qh6g6
24.Ka1 Bg5e7
25.Nf3d4 Be6g8
26.e6 Rf4f6
27.Qe2e5 Ra8c8
28.Qe5xd5 Bg8xe6
29.Qd5c6 Be6d7
30.Qc6b7 Rf6b6
31.Qb7d5 Bd7a4
32.Rd1e1 Rc8d8
33.Qd5xc4 Ba4b5
34.Nd4xb5 axb5
35.Qc4xc7 Rb6e6
36.a3 Be7h4
37.Qc7c5 Qg6f7
38.Qc5xb5 Rd8d7
39.Nf2e4 Qf7e7
40.Ne4d6 Re6xd6
41.Re1xe7 Bh4xe7
42.Ka2 Rd6d2
43.Qb5h5 g6
44.Qh5xh7 Rd2xb2
45.Ka1 Rd7d2
46.Qh7g8 Kd7
47.Qg8f7 Rb2b6
48.Rf1b1 Rb6f6
49.Qf7b3 Rd2d6
50.Rb1d1 Kc7
51.Rd1xd6 Be7xd6
52.Qb3b2 Bd6c5
53.Qb2h2 Bc5d6
54.Qh2b2 Kc6
55.Ka2 Bd6c5
56.Qb2b1 Rf6f2
57.Kb3 Rf2f6
58.Qb1e4 Kd7
59.Qe4d5 Bc5d6
60.Qd5g5 Bd6e7
61.Qg5b5 Kc7
62.Qb5e8 Be7d8
63.g5 Rf6b6
64.Ka2 Rb6d6
65.Qe8f7 Kc8
66.h4 Rd6b6
67.Qf7c4 Bd8c7
68.Qc4g8 Bc7d8
69.Qg8h8 Kd7
70.Qh8d4 Rb6d6
71.Qd4g4 Rd6e6
72.h5 gxh5
73.Qg4xh5 Bd8e7
74.g6 Be7d6
75.g7 Re6e8
76.Qh5h7 Re8e2
77.Kb3 Re2e7
78.Qh7f5 Kc6
79.g8Q Re7b7
80.Ka2 Rb7b8
81.Qg8c4 { resign }
1-0

[Event "Tourn. n8027"]
[Site "www.chess-mail.com"]
[Date "2015.03.13"]
[Round "1"]
[White "Colchester"]
[Black "Maredocla"]
[WhiteElo "1820"]
[BlackElo "2030"]
[Result "0-1"]
[Round "1"]
1.d4 d5
2.c4 dxc4
3.Ng1f3 Bc8d7
4.e4 b5
5.Nf3e5 e6
6.Bf1e2 Bf8d6
7.Ne5xd7 Nb8xd7
8.O-O Qd8h4
9.e5 Bd6b4
10.Be2f3 Ra8d8
11.Qd1e2 Qh4xd4
12.Nb1c3 Bb4xc3
13.bxc3 Qd4xe5
14.Qe2c2 Ng8f6
15.Bc1e3 c5
16.Rf1e1 Qe5c7
17.Ra1d1 O-O
18.g3 Nd7e5
19.Bf3g2 Ne5d3
20.Re1f1 Qc7e5
21.Bg2f3 Nf6d5
22.Bf3xd5 Rd8xd5
23.Rd1b1 Rf8d8
24.Rb1d1 Qe5h5
25.Rd1b1 a6
{ resign }
0-1

[Event "Tourn. n8014"]
[Site "www.chess-mail.com"]
[Date "2015.03.13"]
[Round "1"]
[White "Jaroslavpech"]
[Black "Faerieking"]
[WhiteElo "2330"]
[BlackElo "2210"]
[Result "1-0"]
[Round "1"]
1.e4 e5
2.Ng1f3 f5
3.Nf3xe5 Nb8c6
4.Qd1h5 g6
5.Ne5xg6 Ng8f6
6.Qh5h3 hxg6
7.Qh3xh8 Qd8e7
8.d3 fxe4
9.dxe4 Nf6xe4
10.Bf1e2 d5
11.Bc1h6 Nc6d4
12.Qh8xd4 Bf8xh6
13.Qd4xd5 c6
14.Qd5g8 Kd7
15.Qg8xg6 Bh6c1
16.Nb1c3 Bc1d2
17.Kf1 Bd2xc3
18.bxc3 Kc7
19.Be2d3 Ne4xc3
20.Ra1e1 { resign }
1-0

[Event "Tourn. n8115"]
[Site "www.chess-mail.com"]
[Date "2015.03.13"]
[Round "1"]
[White "Cathar"]
[Black "Gorgo"]
[WhiteElo "2230"]
[BlackElo "2230"]
[Result "0-1"]
[Round "1"]
1.e4 e5
2.Ng1f3 Nb8c6
3.Bf1b5 Ng8f6
4.d3 d6
5.O-O Bf8e7
6.Nb1d2 Bc8d7
7.Rf1e1 O-O
8.Nd2f1 a6
9.Bb5a4 b5
10.Ba4b3 Nc6a5
11.Bc1d2 Na5xb3
12.axb3 c5
13.Nf1e3 a5
14.h3 Ra8a7
15.Re1f1 Qd8c7
16.Nf3h2 Rf8a8
17.Nh2g4 Nf6xg4
18.hxg4 Bd7e6
19.Ne3f5 a4
20.bxa4 Be7f8
21.a5 b4
22.g3 Ra7xa5
23.Ra1b1 d5
24.Kg2 c4
25.b3 cxd3
26.cxd3 Ra5a2
27.Rf1h1 dxe4
28.dxe4 Ra8d8
29.Qd1c1 Qc7b7
{ resign }
0-1

[Event "Tourn. n8048"]
[Site "www.chess-mail.com"]
[Date "2015.03.13"]
[Round "1"]
[White "Fabos12"]
[Black "Colchester"]
[WhiteElo "1870"]
[BlackElo "1870"]
[Result "1-0"]
[Round "1"]
1.e4 e5
2.Nb1c3 Ng8f6
3.Ng1f3 Nb8c6
4.d4 exd4
5.Nf3xd4 Bf8b4
6.Nd4xc6 bxc6
7.Bc1g5 Qd8e7
8.Bf1d3 O-O
9.O-O d6
10.Nc3e2 h6
11.Bg5xf6 Qe7xf6
12.c3 Bb4a5
13.Ne2c1 Ba5b6
14.Kh1 Bc8e6
15.f4 Qf6e7
16.Qd1h5 f6
17.Rf1f3 Be6f7
18.Qh5h3 Kh8
19.Nc1e2 c5
20.Ne2g3 Bf7e6
21.Ng3f5 Be6xf5
22.Qh3xf5 Ra8e8
23.Qf5g6 Qe7f7
24.e5 Qf7xg6
25.Bd3xg6 Re8d8
26.e6 { resign }
1-0

[Event "Tourn. n8056"]
[Site "www.chess-mail.com"]
[Date "2015.03.13"]
[Round "1"]
[White "Luban"]
[Black "Crull"]
[WhiteElo "2080"]
[BlackElo "1810"]
[Result "1-0"]
[Round "1"]
1.d4 Ng8f6
2.c4 d5
3.e3 g6
4.h3 a6
5.Ng1f3 Bf8g7
6.Nb1c3 O-O
7.Bf1d3 Nb8c6
8.a3 dxc4
9.Bd3xc4 b5
10.Bc4d3 Rf8e8
11.O-O Bc8b7
12.d5 Nf6xd5
13.Nc3xd5 e6
14.Nd5c3 Nc6e5
15.Nf3xe5 Bg7xe5
16.Qd1c2 Be5xc3
17.Qc2xc3 Qd8d5
18.f3 f5
19.e4 fxe4
20.Bd3xe4 Qd5c4
21.Qc3xc4 bxc4
22.Be4xb7 Ra8b8
23.Bb7xa6 c3
24.bxc3 Rb8a8
25.Ba6c4 Kg7
26.Bc1b2 Ra8b8
27.Ra1b1 c5
28.Rf1e1 Rb8b6
29.a4 e5
30.Bc4b5 Re8e7
31.c4 h5
32.Bb2xe5 Kh7
33.Rb1a1 Re7e6
34.a5 { resign }
1-0

[Event "Tourn. n8043"]
[Site "www.chess-mail.com"]
[Date "2015.03.13"]
[Round "1"]
[White "Attatroll"]
[Black "Colchester"]
[WhiteElo "1990"]
[BlackElo "1870"]
[Result "1/2-1/2"]
[Round "1"]
1.Ng1f3 c5
2.e4 Nb8c6
3.Bf1b5 g6
4.Bb5xc6 dxc6
5.O-O Bf8g7
6.c3 e5
7.d3 Bc8g4
8.h3 Bg4xf3
9.Qd1xf3 Ng8e7
10.Bc1g5 O-O
11.Nb1d2 Qd8c7
12.Nd2c4 f6
13.Bg5e3 b6
14.d4 cxd4
15.cxd4 exd4
16.Be3xd4 c5
17.Bd4c3 Ne7c6
18.Ra1d1 Ra8d8
19.Rd1xd8 Qc7xd8
20.Rf1d1 Qd8c7
21.Nc4d6 Nc6e5
22.Bc3xe5 fxe5
23.Qf3b3 Kh8
24.f3 h6
25.Qb3e6 Kh7
26.Nd6b5 Qc7b7
27.Rd1d7 Qb7a6
28.Nb5d6 Qa6e2
29.Rd7xg7 { draw }
1/2-1/2

[Event "Match"]
[Site "www.echecsemail.com"]
[Date "2015.03.13"]
[Round "1"]
[White "Wagner"]
[Black "Yangqi"]
[WhiteElo "1660"]
[BlackElo "1599"]
[Result "0-1"]
[Round "1"]
1.d4 Ng8f6
2.f3 e6
3.Ng1h3 c5
4.Bc1g5 h6
5.Bg5xf6 Qd8xf6
6.e3 cxd4
7.exd4 b6
8.Nb1c3 Bf8b4
9.Nh3f2 Nb8c6
10.Nf2e4 Qf6xd4
11.Qd1xd4 Nc6xd4
12.O-O-O Nd4f5
13.Nc3b5 Ke7
14.g4 Nf5e3
15.Rd1d4 Bb4c5
16.Rd4d3 Ne3xf1
17.Rh1xf1 Bc8a6
18.Nb5c7 Ba6xd3
19.Nc7xa8 Bd3xf1
20.Na8c7 Rh8c8
21.Nc7a6 Bf1xa6
{ resign }
0-1

[Event "Match"]
[Site "www.echecsemail.com"]
[Date "2015.03.13"]
[Round "1"]
[White "Harrytheking"]
[Black "Pare123"]
[WhiteElo "1720"]
[BlackElo "1990"]
[Result "0-1"]
[Round "1"]
1.c4 e5
2.e4 Ng8f6
3.Nb1c3 Bf8c5
4.Ng1h3 d6
5.a3 Bc8xh3
6.gxh3 Nb8c6
7.b4 Bc5d4
8.Bf1g2 a6
9.O-O Qd8e7
10.Bc1b2 O-O-O
11.d3 h5
12.b5 axb5
13.cxb5 Nc6b8
14.a4 g5
15.Qd1d2 g4
16.Nc3d5 Nf6xd5
17.Bb2xd4 Nd5f4
18.Qd2e3 Nf4xg2
19.Kxg2 exd4
20.Qe3d2 gxh3
21.Kh1 Qe7f6
22.f3 Rd8g8
23.f4 Rg8g2
24.Rf1f2 Rh8g8
25.a5 Qf6g6
26.Rf2xg2 hxg2
27.Kg1 h4
28.f5 Qg6g5
29.Qd2xg5 Rg8xg5
30.b6 c6
31.h3 Rg5g3
32.Ra1d1 Nb8a6
33.f6 Kd7
34.Rd1d2 Na6b4
35.e5 dxe5
36.Rd2f2 Nb4xd3
37.Rf2f5 Ke6
38.Rf5h5 Rg3xh3
39.Rh5h6 Nd3f4
{ resign }
0-1

[Event "Match"]
[Site "www.echecsemail.com"]
[Date "2015.03.13"]
[Round "1"]
[White "Krystek23"]
[Black "F14"]
[WhiteElo "2350"]
[BlackElo "1599"]
[Result "1-0"]
[Round "1"]
1.c4 e5
2.Nb1c3 Nb8c6
3.Ng1f3 Ng8f6
4.e3 Bf8e7
5.d4 exd4
6.exd4 d6
7.Bf1e2 O-O
8.d5 Nc6e5
9.O-O Nf6d7
10.Rf1e1 Ne5xf3
11.Be2xf3 Be7f6
12.Qd1c2 Nd7e5
13.Bf3e2 c6
14.dxc6 Ne5xc6
15.Bc1e3 Bc8e6
16.Ra1d1 Bf6g5
17.Be2d3 g6
18.Be3xg5 Qd8xg5
19.Nc3e4 Qg5e5
20.Qc2d2 d5
21.cxd5 Be6xd5
22.Ne4c3 Qe5h5
23.Bd3e2 Qh5f5
24.Nc3xd5 Ra8d8
25.Be2b5 Rf8e8
26.Bb5xc6 Re8xe1
27.Rd1xe1 Kg7
28.Bc6xb7 Rd8d7
29.Qd2c3 f6
30.Nd5c7 h5
31.Bb7c8 { resign }
1-0

[Event "Match"]
[Site "www.echecsemail.com"]
[Date "2015.03.13"]
[Round "1"]
[White "F14"]
[Black "Hundegana"]
[WhiteElo "1599"]
[BlackElo "1920"]
[Result "0-1"]
[Round "1"]
1.d4 f5
2.e3 g6
3.Ng1f3 Bf8g7
4.Bf1c4 e6
5.O-O d5
6.Bc4d3 a6
7.c4 Ng8e7
8.Nb1c3 c6
9.Qd1a4 Bc8d7
10.c5 O-O
11.b4 a5
12.b5 cxb5
13.Bd3xb5 Bd7c6
14.Bb5xc6 bxc6
15.Nf3g5 Qd8c8
16.Ra1b1 h6
17.Ng5f3 Kh7
18.Nc3e2 Nb8d7
19.Ne2f4 Nd7f6
20.Nf3e5 g5
21.Nf4d3 Nf6e4
22.Rb1b6 Bg7xe5
23.Nd3xe5 Ne4c3
24.Qa4c2 Nc3e4
25.f3 Ne4f6
26.Qc2b2 Ra8a7
27.Bc1d2 Nf6d7
28.Ne5xd7 Qc8xd7
29.Rf1b1 Rf8c8
30.Rb6b7 Ra7xb7
31.Qb2c2 Rb7xb1
32.Qc2xb1 Qd7c7
33.h3 Rc8b8
34.Qb1d1 Rb8b2
35.a4 Qc7b7
36.Kh2 Rb2b1
37.Qd1c2 Rb1b2
38.Qc2c3 Qb7b4
39.Bd2e1 Qb4xc3
40.Be1xc3 Rb2a2
41.Bc3xa5 Ra2xa4
42.Ba5d8 Ne7c8
43.Kg3 Ra4a3
44.Kf2 Kg6
45.Bd8c7 Nc8a7
46.f4 Na7b5
47.Bc7e5 Nb5c3
48.fxg5 hxg5
49.g4 fxg4
50.hxg4 Nc3e4
51.Kf3 Ra3a2
52.Be5g3 Ne4xg3
53.Kxg3 Kf6
{ resign }
0-1

[Event "Eq:Latinoamerica-Slap Shot Mates : "]
[Site "www.chess-mail.com"]
[Date "2015.03.13"]
[Round "1"]
[White "Ochoreales"]
[Black "Geodad5"]
[WhiteElo "1890"]
[BlackElo "2050"]
[Result "0-1"]
[Round "1"]
1.e4 c5
2.Ng1f3 d6
3.d4 cxd4
4.Nf3xd4 Ng8f6
5.Nb1c3 g6
6.Bc1e3 Bf8g7
7.f3 O-O
8.Qd1d2 Nb8c6
9.O-O-O Bc8d7
10.g4 a6
11.h4 h5
12.gxh5 Nf6xh5
13.Bf1e2 Nc6xd4
14.Be3xd4 Kh7
15.Bd4xg7 Kxg7
16.f4 Kh7
17.Be2xh5 gxh5
18.f5 f6
19.Qd2e2 Bd7e8
20.e5 fxe5
21.Qe2e4 Be8c6
22.Nc3d5 Bc6xd5
23.Qe4xd5 Qd8c7
24.Rh1f1 Ra8c8
25.Rd1d2 Qc7c4
26.Qd5f3 Qc4xh4
27.Qf3xb7 Rc8c4
28.f6 Rf8f7
29.Qb7d5 Rf7xf6
30.Rf1xf6 exf6
31.Qd5f7 Kh6
32.Qf7f8 Kg5
33.Qf8g8 Kf5
34.Qg8h7 Ke6
35.Qh7g8 Kf5
36.Qg8h7 Ke6
37.Qh7g8 Kf5
38.Qg8h7 Kf4
39.b3 Rc4d4
40.Rd2e2 Qh4g5
41.Kb2 Kg3
42.Qh7a7 Qg5g4
43.Qa7xa6 Rd4d1
44.Re2e3 Kf4
45.Re3c3 e4
46.b4 Qg4g1
47.Qa6e2 Rd1b1
48.Ka3 Qg1a7
49.Qe2a6 Qa7xa6

0-1

[Event "Fast Game"]
[Site "www.echecsemail.com"]
[Date "2015.03.13"]
[Round "1"]
[White "Generalfree"]
[Black "Tomasseeber"]
[WhiteElo "1630"]
[BlackElo "1559"]
[Result "0-1"]
[Round "1"]
1.e4 d5
2.f3 e5
3.d4 dxe4
4.dxe5 Qd8xd1
5.Kxd1 Bc8f5
6.f4 a6
7.h3 Nb8c6
8.c3 f6
9.exf6 Ng8xf6
10.g4 O-O-O
11.Kc2 Bf5e6
12.f5 Be6d5
13.Bc1e3 Nc6e5
14.Bf1g2 Bd5c4
15.Nb1d2 Bc4d3
16.Kb3 Nf6d5
17.Bg2xe4 Nd5xe3
{ resign }
0-1

[Event "Tourn. n8071"]
[Site "www.chess-mail.com"]
[Date "2015.03.14"]
[Round "1"]
[White "Nham"]
[Black "Gorgo"]
[WhiteElo "2100"]
[BlackElo "2019"]
[Result "0-1"]
[Round "1"]
1.e4 e5
2.Ng1f3 Nb8c6
3.Bf1c4 Bf8c5
4.c3 Ng8f6
5.d4 exd4
6.cxd4 Bc5b4
7.Nb1c3 Nf6xe4
8.O-O Bb4xc3
9.d5 Nc6e5
10.bxc3 Ne5xc4
11.Qd1d4 O-O
12.Qd4xe4 Nc4b6
13.Rf1e1 d6
14.c4 Qd8f6
15.Bc1g5 Qf6f5
16.Ra1c1 Qf5xe4
17.Re1xe4 Bc8f5
18.Re4e7 Ra8c8
19.Nf3d2 f6
20.Bg5f4 Rf8e8
21.Re7xe8 Rc8xe8
22.Bf4e3 Nb6a4
23.h3 b6
24.Nd2b3 Bf5d3
25.Nb3d4 Re8e4
26.Nd4e6 c5
27.Be3f4 Re4xc4
28.Rc1d1 Na4c3
29.Rd1xd3 Nc3e2
30.Kh2 Ne2xf4
31.Ne6xf4 Rc4xf4
32.Rd3a3 Rf4xf2
33.Ra3xa7 Rf2d2
34.Ra7a6 Rd2xd5
35.Ra6xb6 Kf7
36.a4 Ke6
37.a5 Rd5d3
38.Rb6b7 Rd3a3
39.Rb7xg7 d5
40.Rg7xh7 d4
41.Kg1 c4
42.Rh7c7 c3
43.Kf1 d3
44.Rc7c8 d2
45.Ke2 Ra3a1
{ resign }
0-1